Agroturistika ako predmet podnikania v Agropenzióne Adam v obci Podkylava

Rozvoj vidieckej turistiky a agroturistiky v rámci EÚ. Príklady realizácie agroturistiky v niektorých členských štátoch EÚ. Rozvoj agroturistiky na Slovensku. Charakteristika regiónu a príklad Agropenziónu Adam.

Salvato in:
Dettagli Bibliografici
Autore principale: Dančová, Eleónora
Natura: Capitolo di libro
Lingua:slovacco
Soggetti:
Tags: Aggiungi Tag
Nessun Tag, puoi essere il primo ad aggiungerne!!

MARC

LEADER 00000naa a2200000 4500
001 0233602
005 20220725100913.0
041 0 |a slo 
044 |a SK 
245 1 0 |a Agroturistika ako predmet podnikania v Agropenzióne Adam v obci Podkylava  |c Eleónora Dančová 
520 |a Rozvoj vidieckej turistiky a agroturistiky v rámci EÚ. Príklady realizácie agroturistiky v niektorých členských štátoch EÚ. Rozvoj agroturistiky na Slovensku. Charakteristika regiónu a príklad Agropenziónu Adam. 
610 2 0 |a ruch cestovný vidiecky 
610 2 0 |a Slovensko 
610 2 0 |a agroturistika 
610 2 0 |a penzióny 
610 2 0 |a politika ruchu cestovného 
610 2 0 |a Európska únia 
100 1 |a Dančová, Eleónora